00761nam a2200181 i 4500001000300000100001700003245017500020260002100195490007300216700002600289700002300315830006900338040000800407041000800415080001700423008004100440856009800481bg1 aDUDEK, Jerzy 0aZasady doboru podatnej obudowy kotwiowej wyrobisk korytarzowych i komorowych :b(na przykładzie kopalń LGOM-u) /cJerzy Dudek, Stefan Gałczyński, Andrzej Wojtaszek. aWrocław,c1978.1 aPrace Naukowe Instytutu Geotechniki Politechniki Wrocławskiej ;v211 aGAŁCZYŃSKI, Stefan1 aWOJTASZEK, Andrzej aPrace Naukowe Instytutu Geotechniki Politechniki Wrocławskiej ; cBPK apol a622.2:622.34 s pl f |000 0 pol  uhttp://koha.tu.koszalin.pl/cgi-bin/koha/opac-detail.pl?biblionumber=17945yKatalog online BPK